000 00367nam a2200145 i 4500
001 104053
003 ES-MaACL
005 20230906183511.0
007 t|
008 051122s1958 sp ||||1| spa d
245 0 0 _aMeza Saindua.
260 _aPamplona :
_bAramburu,
_c1958.
300 _a25 p., 10 p. de música ;
_c17 cm.
852 _aES-MaACL
_j2024-F-6
_bR.42013
999 _c104053
_d104053